000
00219nam a22001097a 4500
999
_c
13090
_d
13090
020
_a
9789351502555
082
_a
10194
245
_a
Leading Futures
260
_a
India
_b
Sage
_c
2016
300
_a
249 pages
942
_c
BK